[Event "Quebec op"]
[Site "Montreal CAN"]
[Date "1998.07.25"]
[Round "1"]
[White "Archangelsky, Mikhail"]
[Black "Henson, Joshua"]
[Result "1/2-1/2"]
[WhiteElo "2275"]
[BlackElo "2010"]
[PlyCount "156"]
[GameId "2160767911872404"]
[EventDate "1998.07.25"]
[EventType "swiss"]
[EventRounds "9"]
[EventCountry "CAN"]
[SourceTitle "EXT 1999"]
[Source "ChessBase"]
[SourceDate "1998.11.10"]
[SourceVersion "1"]
[SourceVersionDate "1998.11.10"]
[SourceQuality "1"]

1. d4 f5 2. g3 Nf6 3. Bg2 g6 4. b3 Bg7 5. Bb2 d6 6. Nf3 O-O 7. c4 Nc6 8. d5 Nb8 9. Nd4 a5 10. Nc3 Na6 11. O-O Nc5 12. e3 Ng4 13. Qc2 Bd7 14. Rad1 Ne5 15. h3 Qc8 16. Kh2 c6 17. Rd2 h6 18. f4 Nf7 19. e4 e6 20. dxe6 Nxe6 21. Nf3 Nc5 22. Nh4 Kh7 23. exf5 Bxf5 24. Nxf5 Qxf5 25. Qxf5 gxf5 26. Re1 Rfe8 27. Rde2 Rxe2 28. Rxe2 Kg6 29. Re3 Bd4 30. Re2 Bg7 31. Nd1 Bxb2 32. Nxb2 Kf6 33. Bf3 Ne6 34. Rd2 Nc5 35. Re2 Ne6 36. Rd2 Nc5 37. Kg2 Re8 38. Kf2 Ne4+ 39. Bxe4 Rxe4 40. Nd1 Re6 41. g4 Re4 42. Kf3 Re8 43. Ne3 fxg4+ 44. hxg4 a4 45. Nf5 axb3 46. Nxd6 Nxd6 47. Rxd6+ Ke7 48. Rd2 bxa2 49. Rxa2 Kf6 50. c5 Re1 51. Rd2 Rb1 52. Rd6+ Kg7 53. Ke4 Rb5 54. Rd7+ Kf6 55. Rd6+ Kg7 56. Kd4 Rb1 57. Ke5 Re1+ 58. Kf5 Re7 59. Rg6+ Kh7 60. Re6 Rg7 61. Rf6 Re7 62. Re6 Rg7 63. Kf6 Rxg4 64. Re7+ Kh8 65. f5 h5 66. Rxb7 h4 67. Rb3 Rg3 68. Rb4 h3 69. Rh4+ Kg8 70. Ke7 Rd3 71. f6 Re3+ 72. Kd6 Kf7 73. Kxc6 Kxf6 74. Kc7 Kg5 75. Rh8 Kg4 76. c6 Kg3 77. Kb8 Kg2 78. c7 Rc3 1/2-1/2

[Event "Quebec op"]
[Site "Montreal CAN"]
[Date "1998.07.25"]
[Round "1"]
[White "Bouchard, Jean-Marc"]
[Black "Beaulieu, Eric"]
[Result "0-1"]
[WhiteElo "2030"]
[BlackElo "2043"]
[PlyCount "116"]
[GameId "2160767911872405"]
[EventDate "1998.07.25"]
[EventType "swiss"]
[EventRounds "9"]
[EventCountry "CAN"]
[SourceTitle "EXT 2022"]
[Source "ChessBase"]
[SourceDate "2021.10.06"]
[SourceVersion "1"]
[SourceVersionDate "2021.10.06"]
[SourceQuality "1"]

1. b3 Nf6 2. Bb2 d6 3. f4 Nbd7 4. Nf3 g6 5. g4 Bg7 6. g5 Nh5 7. Bxg7 Nxg7 8. Qc1 Nc5 9. Qb2 O-O 10. Nc3 e5 11. fxe5 dxe5 12. Nxe5 Qxg5 13. Nf3 Qh5 14. O-O-O a5 15. d4 Nd7 16. Bg2 Nf5 17. Rd3 a4 18. e4 a3 19. Qa1 Qh6+ 20. Rd2 Ne3 21. Bf1 c5 22. Nd5 Nxd5 23. exd5 Qh5 24. Qc3 Qxd5 25. Bc4 Qh5 26. dxc5 Nxc5 27. Rd5 Qh6+ 28. Ng5 Ne4 29. Qe5 b5 30. Rxb5 Ba6 31. Qxe4 Bxb5 32. Bxf7+ Kh8 33. Qe5+ Qg7 34. Qxg7+ Kxg7 35. Bd5 Kh6 36. Ne6 Rfc8 37. Bxa8 Rxa8 38. Nc7 Bc6 39. Rd1 Rf8 40. c4 Kh5 41. Nd5 Kg4 42. Ne3+ Kh3 43. Rd2 g5 44. Rd6 h5 45. Rxc6 Kxh2 46. Rg6 g4 47. Nxg4+ hxg4 48. Rxg4 Rf2 49. Rg8 Rxa2 50. Ra8 Kg3 51. Ra4 Kf4 52. b4 Ke5 53. b5 Kd4 54. Rb4 Kc3 55. b6 Rh2 56. Rb3+ Kxb3 57. b7 Kc3 58. Kd1 a2 0-1

[Event "Quebec op"]
[Site "Montreal CAN"]
[Date "1998.07.25"]
[Round "1"]
[White "Clement, Michel"]
[Black "Elfert, Aleksandr"]
[Result "0-1"]
[WhiteElo "2075"]
[BlackElo "2195"]
[PlyCount "66"]
[GameId "2160767911872406"]
[EventDate "1998.07.25"]
[EventType "swiss"]
[EventRounds "9"]
[EventCountry "CAN"]
[SourceTitle "EXT 2022"]
[Source "ChessBase"]
[SourceDate "2021.10.06"]
[SourceVersion "1"]
[SourceVersionDate "2021.10.06"]
[SourceQuality "1"]

1. e4 c5 2. Nf3 b6 3. d4 cxd4 4. Nxd4 Bb7 5. Nc3 a6 6. Bd3 e6 7. O-O Qc7 8. Be3 d6 9. f4 Nf6 10. Kh1 Nbd7 11. f5 e5 12. Nb3 Be7 13. a4 h5 14. Qf3 h4 15. h3 O-O-O 16. Nd5 Bxd5 17. exd5 Qb7 18. a5 e4 19. Bxe4 Ne5 20. Qd1 Nxe4 21. axb6 Nc5 22. Na5 Qxb6 23. Qe1 Qb5 24. Bxc5 Qxc5 25. Qe2 Kd7 26. Qxa6 Rb8 27. Nb3 Qxd5 28. Rad1 Qa8 29. Qe2 Rhc8 30. Qxe5 Rxc2 31. Qxg7 Rxb3 32. f6 Rxh3+ 33. Kg1 Qa7+ 0-1

[Event "Quebec op"]
[Site "Montreal CAN"]
[Date "1998.07.25"]
[Round "1"]
[White "Frappier, Clement"]
[Black "Abreu Cordero, Jose"]
[Result "0-1"]
[WhiteElo "1867"]
[BlackElo "1985"]
[PlyCount "116"]
[GameId "2160767911872410"]
[EventDate "1998.07.25"]
[EventType "swiss"]
[EventRounds "9"]
[EventCountry "CAN"]
[SourceTitle "EXT 2022"]
[Source "ChessBase"]
[SourceDate "2021.10.06"]
[SourceVersion "1"]
[SourceVersionDate "2021.10.06"]
[SourceQuality "1"]

1. d4 Nf6 2. c4 e6 3. Nc3 d5 4. cxd5 exd5 5. Bg5 Be7 6. e3 c6 7. Bd3 O-O 8. Nge2 Nbd7 9. O-O Re8 10. Qd2 Nf8 11. f3 Ng6 12. Rad1 h6 13. Bxg6 fxg6 14. Bh4 g5 15. Bf2 Bf5 16. Ng3 Bg6 17. e4 Bb4 18. e5 Nh5 19. Nxh5 Bxh5 20. Rde1 Bg6 21. g3 Qd7 22. f4 gxf4 23. gxf4 Qg4+ 24. Bg3 Bf5 25. a3 Ba5 26. b4 Bb6 27. Re2 Qg6 28. Ref2 h5 29. Kh1 a5 30. Bh4 axb4 31. axb4 Be4+ 32. Nxe4 Qxe4+ 33. Rg2 Bxd4 34. Bf6 g6 35. f5 Qxf5 36. Rfg1 Bxg1 37. Qh6 Kf7 38. Qg7+ Ke6 39. Qxb7 Qf3 40. Qxc6+ Kf5 41. Qc2+ Qe4 42. Qxe4+ dxe4 43. Rxg1 e3 44. Kg2 Ke4 45. Rb1 Ra2+ 46. Kg3 Kd3 47. b5 Kc2 48. Rb4 e2 49. Kf2 Kd2 50. Rd4+ Kc3 51. Rd6 Kb4 52. b6 Kc5 53. b7 Rb2 54. Rd7 Kc6 55. Rg7 Rxb7 56. Rxg6 Rb2 57. Rg3 Ra8 58. Re3 e1=Q+ 0-1

[Event "Quebec op"]
[Site "Montreal CAN"]
[Date "1998.07.25"]
[Round "1"]
[White "Gagnon, Michel"]
[Black "Leveille, Francois"]
[Result "0-1"]
[WhiteElo "2129"]
[BlackElo "2238"]
[PlyCount "82"]
[GameId "2160767911872411"]
[EventDate "1998.07.25"]
[EventType "swiss"]
[EventRounds "9"]
[EventCountry "CAN"]

1. d4 d5 2. Nf3 c6 3. e3 Bf5 4. Bd3 Bg6 5. O-O e6 6. Qe2 Nd7 7. Nbd2 f5 8. b3 Bd6 9. Bb2 Qb8 10. c4 Ne7 11. a3 Bh5 12. Qe1 O-O 13. h3 a5 14. Qc1 b6 15. Re1 Ra7 16. Qc2 h6 17. Rac1 g5 18. Qc3 b5 19. c5 b4 20. axb4 axb4 21. Qc2 Bc7 22. Ra1 Rxa1 23. Rxa1 g4 24. hxg4 fxg4 25. Nh4 Bh2+ 26. Kh1 Rxf2 27. Rf1 Qg3 28. Rxf2 Qxf2 29. Kxh2 Qxh4+ 30. Kg1 Nf6 31. Nf1 g3 32. Qd2 Ng4 33. Qxb4 Nf2 34. Qb8+ Kf7 35. Nxg3 Nxd3 36. Bc3 Bg6 37. Bd2 Qg4 38. Ba5 Qg5 39. Bd2 h5 40. Qh8 h4 41. Nf1 Be4 0-1

[Event "Quebec op"]
[Site "Montreal CAN"]
[Date "1998.07.25"]
[Round "1"]
[White "Gilbert, Erick"]
[Black "Cote, Jacques"]
[Result "0-1"]
[WhiteElo "1843"]
[BlackElo "1969"]
[PlyCount "152"]
[GameId "2160767911872412"]
[EventDate "1998.07.25"]
[EventType "swiss"]
[EventRounds "9"]
[EventCountry "CAN"]
[SourceTitle "EXT 2022"]
[Source "ChessBase"]
[SourceDate "2021.10.06"]
[SourceVersion "1"]
[SourceVersionDate "2021.10.06"]
[SourceQuality "1"]

1. d4 f5 2. c4 Nf6 3. Nc3 g6 4. Bf4 d6 5. Nf3 Bg7 6. e3 O-O 7. Bd3 Nc6 8. d5 Nb4 9. a3 Nxd3+ 10. Qxd3 Ne4 11. Rb1 h6 12. h3 g5 13. Bh2 e5 14. dxe6 Bxe6 15. Nd4 Nc5 16. Qe2 Bf7 17. O-O f4 18. b4 Nd7 19. Rfd1 Re8 20. Rbc1 Ne5 21. exf4 Nxc4 22. Qf3 c6 23. fxg5 Qxg5 24. Bf4 Qg6 25. Rd3 Rad8 26. Qg3 Nxa3 27. Ra1 Bxd4 28. Rxa3 Re1+ 29. Kh2 Qxg3+ 30. Rxg3+ Kh7 31. Be3 Bxe3 32. fxe3 a6 33. Ne4 Rf1 34. Nc3 Re8 35. Ne2 Re4 36. Rd3 d5 37. Nd4 Rf6 38. Rb3 h5 39. Rf3 Rxf3 40. gxf3 Re5 41. Kg3 Rg5+ 42. Kf4 Kg6 43. h4 Rg2 44. Rb1 Kf6 45. Rb3 Bg6 46. b5 axb5 47. Nxb5 cxb5 48. Rxb5 Bf7 49. Rxb7 Rg1 50. Rb4 Be6 51. Rd4 Rh1 52. Kg3 Rh3+ 53. Kg2 Ke5 54. Rb4 Bf5 55. Rd4 Bc8 56. Ra4 Bg4 57. fxg4 Rxh4 58. Ra8 hxg4 59. Re8+ Kf5 60. Rf8+ Ke4 61. Re8+ Kd3 62. Kg3 Rh3+ 63. Kxg4 Rxe3 64. Rd8 d4 65. Kf4 Re7 66. Rh8 Kd2 67. Rd8 d3 68. Kf3 Kc2 69. Rc8+ Kd1 70. Kf2 Rd7 71. Ke3 d2 72. Rh8 Kc1 73. Rc8+ Kb2 74. Rb8+ Kc3 75. Rc8+ Kb4 76. Rb8+ Kc5 0-1

[Event "Quebec op"]
[Site "Montreal CAN"]
[Date "1998.07.25"]
[Round "1"]
[White "Gladu, Pierre"]
[Black "Goldenberg, Danny"]
[Result "0-1"]
[WhiteElo "2136"]
[BlackElo "2263"]
[PlyCount "126"]
[GameId "2160767911872413"]
[EventDate "1998.07.25"]
[EventType "swiss"]
[EventRounds "9"]
[EventCountry "CAN"]

1. e4 c5 2. Nf3 Nc6 3. d4 cxd4 4. Nxd4 e5 5. Nb5 d6 6. c4 Be7 7. N1c3 a6 8. Na3 h6 9. Be2 Be6 10. Bg4 Nf6 11. Bxe6 fxe6 12. O-O O-O 13. Qd3 Rc8 14. Qg3 Kh7 15. Qh3 Nd4 16. Bg5 Nd7 17. Be3 Nb6 18. Bxd4 exd4 19. Ne2 e5 20. Rac1 Qd7 21. Qb3 Na4 22. Ng3 Bg5 23. Rce1 Nc5 24. Qd1 Qa4 25. Qxa4 Nxa4 26. Rb1 g6 27. Rfd1 Rf7 28. Ne2 h5 29. Nc1 Bxc1 30. Rdxc1 Nc5 31. f3 Nd3 32. Rd1 Nb4 33. Ra1 Rfc7 34. b3 Rc5 35. Rd2 Ra5 36. Nc2 Rxa2 37. Rxa2 Nxa2 38. Nxd4 Nb4 39. Ne6 Rc6 40. Nd8 Rb6 41. Nf7 Nc6 42. Rxd6 Rxb3 43. Ng5+ Kg7 44. Ne6+ Kf7 45. Nc5 Rb1+ 46. Kf2 Na5 47. Rd7+ Ke8 48. Rg7 Nxc4 49. Nxb7 h4 50. Ke2 Kf8 51. Rc7 Rb2+ 52. Kd3 Na3 53. g3 h3 54. f4 exf4 55. gxf4 Rxh2 56. e5 Nb5 57. Rh7 Kg8 58. Rh4 Rh1 59. Ke3 Nd4 60. Kf2 Rb1 61. Nc5 Rb2+ 62. Kf1 h2 63. Nxa6 Nf5 0-1

[Event "Quebec op"]
[Site "Montreal CAN"]
[Date "1998.07.25"]
[Round "1"]
[White "Gravel, Simon jr"]
[Black "Jodoin, Pierre"]
[Result "1-0"]
[WhiteElo "1947"]
[BlackElo "1818"]
[PlyCount "95"]
[GameId "2160767911872416"]
[EventDate "1998.07.25"]
[EventType "swiss"]
[EventRounds "9"]
[EventCountry "CAN"]
[SourceTitle "EXT 2022"]
[Source "ChessBase"]
[SourceDate "2021.10.06"]
[SourceVersion "1"]
[SourceVersionDate "2021.10.06"]
[SourceQuality "1"]

1. d4 Nf6 2. c4 g6 3. Nc3 Bg7 4. e4 d6 5. f3 O-O 6. Be3 Nc6 7. Nge2 a6 8. Qd2 Rb8 9. Nc1 e5 10. Nb3 Nxd4 11. Nxd4 exd4 12. Bxd4 c6 13. Be2 b5 14. Rd1 bxc4 15. Bxc4 d5 16. exd5 cxd5 17. Be2 Re8 18. O-O Qd6 19. b3 Bb7 20. Rfe1 Rbd8 21. Kh1 h5 22. Na4 h4 23. Nc5 Bc8 24. Qd3 Nh5 25. Bxg7 Nxg7 26. b4 Nf5 27. Bf1 Rxe1 28. Rxe1 a5 29. a3 axb4 30. axb4 Qf4 31. Re4 Qc1 32. Nb3 Qc7 33. Re2 Qf4 34. Qd2 Qd6 35. Nd4 Nxd4 36. Qxd4 h3 37. gxh3 Be6 38. Ra2 Rb8 39. b5 Qb6 40. Qxb6 Rxb6 41. Ra6 Rxa6 42. bxa6 Bc8 43. Kg2 Kf8 44. Kf2 Ke7 45. Ke3 Kd6 46. Kd4 g5 47. Bd3 f6 48. Bb5 1-0

[Event "Quebec op"]
[Site "Montreal CAN"]
[Date "1998.07.25"]
[Round "1"]
[White "Lebeau, Gilbert"]
[Black "Champetier, Serge"]
[Result "1-0"]
[WhiteElo "1854"]
[BlackElo "1979"]
[PlyCount "53"]
[GameId "2160767911872419"]
[EventDate "1998.07.25"]
[EventType "swiss"]
[EventRounds "9"]
[EventCountry "CAN"]
[SourceTitle "EXT 2022"]
[Source "ChessBase"]
[SourceDate "2021.10.06"]
[SourceVersion "1"]
[SourceVersionDate "2021.10.06"]
[SourceQuality "1"]

1. e4 d6 2. d4 Nf6 3. Nc3 g6 4. Be3 c6 5. f3 b5 6. a3 Nbd7 7. Bd3 Bg7 8. Nge2 O-O 9. O-O a6 10. Qe1 c5 11. Ng3 Bb7 12. Qf2 Rc8 13. Rad1 Qc7 14. Rfe1 e5 15. dxe5 dxe5 16. Rd2 c4 17. Be2 Rfe8 18. Red1 Bf8 19. Nd5 Nxd5 20. exd5 f5 21. d6 Qc6 22. f4 e4 23. Nxf5 gxf5 24. Qg3+ Kf7 25. Bh5+ Ke6 26. Qg8+ Kf6 27. Qf7# 1-0

[Event "Quebec op"]
[Site "Montreal CAN"]
[Date "1998.07.25"]
[Round "1"]
[White "Levtchouk, George"]
[Black "Gardner, Robert"]
[Result "1-0"]
[WhiteElo "2330"]
[BlackElo "2180"]
[PlyCount "79"]
[GameId "2160767911872422"]
[EventDate "1998.07.25"]
[EventType "swiss"]
[EventRounds "9"]
[EventCountry "CAN"]
[SourceTitle "EXT 1999"]
[Source "ChessBase"]
[SourceDate "1998.11.10"]
[SourceVersion "1"]
[SourceVersionDate "1998.11.10"]
[SourceQuality "1"]

1. d4 Nf6 2. c4 c5 3. d5 b5 4. cxb5 a6 5. Nc3 axb5 6. e4 b4 7. Nb5 d6 8. Bc4 Nbd7 9. Nf3 Nb6 10. Bd3 g6 11. b3 Bg7 12. Bb2 O-O 13. O-O Bd7 14. a4 Bxb5 15. axb5 Rxa1 16. Bxa1 Ne8 17. Bxg7 Kxg7 18. Qc2 Qd7 19. Ra1 Nc7 20. Ra7 Rb8 21. Ra5 Qc8 22. Qb2+ Kg8 23. Nd2 Ra8 24. Qa1 Qb7 25. Nc4 Nxc4 26. Bxc4 Rxa5 27. Qxa5 Na8 28. Qd8+ Kg7 29. h4 Nb6 30. Bd3 Qa7 31. Kh2 c4 32. bxc4 b3 33. e5 b2 34. h5 Nxc4 35. h6+ Kxh6 36. Qf8+ Kg5 37. Qxf7 dxe5 38. g3 Qc7 39. Qxh7 e4 40. Bxe4 1-0

[Event "Quebec op"]
[Site "Montreal CAN"]
[Date "1998.07.25"]
[Round "1"]
[White "Luksza, Arkadiusz"]
[Black "Gamback, Bjorn"]
[Result "1-0"]
[WhiteElo "2087"]
[BlackElo "2215"]
[PlyCount "115"]
[GameId "2160767911872423"]
[EventDate "1998.07.25"]
[EventType "swiss"]
[EventRounds "9"]
[EventCountry "CAN"]
[SourceTitle "EXT 2022"]
[Source "ChessBase"]
[SourceDate "2021.10.06"]
[SourceVersion "1"]
[SourceVersionDate "2021.10.06"]
[SourceQuality "1"]

1. d4 d5 2. Nf3 c5 3. g3 Nc6 4. Bg2 Nf6 5. O-O e6 6. c4 Be7 7. cxd5 exd5 8. Nc3 O-O 9. b3 Ne4 10. Bb2 Bf6 11. Nxe4 dxe4 12. Nd2 e3 13. fxe3 cxd4 14. Nc4 Be6 15. exd4 Bxd4+ 16. Bxd4 Qxd4+ 17. Qxd4 Nxd4 18. Kf2 Rab8 19. Rfd1 Rfd8 20. Rd2 Nc6 21. Rad1 Rxd2 22. Rxd2 Kf8 23. Nd6 Nd8 24. Rc2 Ke7 25. Nxb7 Nxb7 26. Rc7+ Kd6 27. Rxb7 Rxb7 28. Bxb7 Kc5 29. Ke3 Kb4 30. Kd4 Ka3 31. Bd5 Kxa2 32. Bxe6 fxe6 33. Kc3 Ka3 34. b4 Ka4 35. Kc4 a6 36. e4 h5 37. e5 g5 38. Kc5 h4 39. gxh4 gxh4 40. h3 Kb3 41. b5 axb5 42. Kxb5 Kc3 43. Kc5 Kd3 44. Kd6 Ke4 45. Kxe6 Kf4 46. Kf6 Kg3 47. e6 Kxh3 48. e7 Kg2 49. e8=Q h3 50. Qe4+ Kg1 51. Qg4+ Kh2 52. Kf5 Kh1 53. Qxh3+ Kg1 54. Kf4 Kf2 55. Qf3+ Kg1 56. Qe2 Kh1 57. Kg3 Kg1 58. Qe1# 1-0

[Event "Quebec op"]
[Site "Montreal CAN"]
[Date "1998.07.25"]
[Round "1"]
[White "McDonough, Jonathan"]
[Black "Mahabir, Hugh"]
[Result "1/2-1/2"]
[WhiteElo "1889"]
[BlackElo "2022"]
[PlyCount "64"]
[GameId "2160767911872424"]
[EventDate "1998.07.25"]
[EventType "swiss"]
[EventRounds "9"]
[EventCountry "CAN"]
[SourceTitle "EXT 2022"]
[Source "ChessBase"]
[SourceDate "2021.10.06"]
[SourceVersion "1"]
[SourceVersionDate "2021.10.06"]
[SourceQuality "1"]

1. d4 Nf6 2. c4 e5 3. dxe5 Ng4 4. Bf4 Nc6 5. Nf3 Bb4+ 6. Nbd2 Qe7 7. a3 Ngxe5 8. Nxe5 Nxe5 9. e3 Bxd2+ 10. Qxd2 d6 11. Be2 b6 12. O-O Bb7 13. b4 O-O 14. Rfc1 Nd7 15. Qb2 Rfb8 16. Rc2 a5 17. Rac1 h6 18. Bg4 Nf6 19. Bf5 Nh5 20. Bg3 Nxg3 21. hxg3 axb4 22. axb4 Be4 23. Bxe4 Qxe4 24. Qd4 Qxd4 25. exd4 Ra4 26. Rb2 Re8 27. c5 Re4 28. cxb6 cxb6 29. Rc8+ Kh7 30. Rc6 Rxd4 31. Rxb6 Ra1+ 32. Kh2 Ra4 1/2-1/2

[Event "Quebec op"]
[Site "Montreal CAN"]
[Date "1998.07.25"]
[Round "1"]
[White "Pnevmonidis, Pantelis"]
[Black "Matteau, Pierre"]
[Result "1-0"]
[WhiteElo "2067"]
[BlackElo "1913"]
[PlyCount "61"]
[GameId "2160767911872427"]
[EventDate "1998.07.25"]
[EventType "swiss"]
[EventRounds "9"]
[EventCountry "CAN"]
[SourceTitle "EXT 2022"]
[Source "ChessBase"]
[SourceDate "2021.10.06"]
[SourceVersion "1"]
[SourceVersionDate "2021.10.06"]
[SourceQuality "1"]

1. c4 Nf6 2. Nc3 g6 3. g3 Bg7 4. Bg2 O-O 5. e4 d6 6. Nge2 c6 7. O-O Na6 8. d3 Bg4 9. h3 Bd7 10. Rb1 Qc8 11. Kh2 Nc7 12. Be3 e6 13. Qd2 d5 14. Bc5 Re8 15. e5 Nh5 16. Bd6 Bf8 17. c5 f5 18. Nd4 Na6 19. b4 b6 20. Nf3 bxc5 21. g4 Ng7 22. Qh6 Re7 23. bxc5 Ne8 24. Qc1 Rg7 25. d4 Bxd6 26. exd6 fxg4 27. hxg4 e5 28. Nxe5 Bxg4 29. Nxd5 cxd5 30. Bxd5+ Be6 31. d7 1-0

[Event "Quebec op"]
[Site "Montreal CAN"]
[Date "1998.07.25"]
[Round "1"]
[White "Poulin, Maurice"]
[Black "Gottlieb, Jonathan"]
[Result "1-0"]
[WhiteElo "2004"]
[BlackElo "1876"]
[PlyCount "53"]
[GameId "2160767911872428"]
[EventDate "1998.07.25"]
[EventType "swiss"]
[EventRounds "9"]
[EventCountry "CAN"]
[SourceTitle "EXT 2022"]
[Source "ChessBase"]
[SourceDate "2021.10.06"]
[SourceVersion "1"]
[SourceVersionDate "2021.10.06"]
[SourceQuality "1"]

1. b4 d5 2. Bb2 Bf5 3. e3 Nd7 4. Nf3 Ngf6 5. c4 c6 6. Qb3 e6 7. d3 Qb6 8. c5 Qc7 9. Nbd2 a5 10. a3 Be7 11. e4 dxe4 12. dxe4 Nxe4 13. Nxe4 Bxe4 14. Bxg7 Rg8 15. Bb2 Rg4 16. h3 Bd5 17. Qd3 Re4+ 18. Be2 axb4 19. axb4 Rxa1+ 20. Bxa1 Rxb4 21. Qxh7 Nf8 22. Qc2 Bxc5 23. O-O Qb6 24. Ne5 Bxf2+ 25. Kh2 Qe3 26. Bf3 Qf4+ 27. Kh1 1-0

[Event "Quebec op"]
[Site "Montreal CAN"]
[Date "1998.07.25"]
[Round "1"]
[White "Prahov, Valentin"]
[Black "Kosic, Dragan"]
[Result "0-1"]
[WhiteElo "2235"]
[BlackElo "2500"]
[PlyCount "132"]
[GameId "2160767911872429"]
[EventDate "1998.07.25"]
[EventType "swiss"]
[EventRounds "9"]
[EventCountry "CAN"]
[SourceTitle "EXT 1999"]
[Source "ChessBase"]
[SourceDate "1998.11.10"]
[SourceVersion "1"]
[SourceVersionDate "1998.11.10"]
[SourceQuality "1"]

1. e4 e6 2. d4 d5 3. e5 c5 4. c3 Qb6 5. Nf3 Bd7 6. a3 Bb5 7. c4 dxc4 8. Nc3 Nc6 9. d5 exd5 10. Nxd5 Qa5+ 11. Bd2 Qd8 12. Ne3 Nge7 13. Bxc4 Bxc4 14. Nxc4 Nf5 15. O-O Be7 16. Qc2 Qd7 17. Rfe1 O-O 18. Rad1 Nfd4 19. Nxd4 Nxd4 20. Qe4 Qb5 21. Nd6 Bxd6 22. exd6 Rad8 23. Qd5 Qxb2 24. Qxc5 Ne6 25. Qb4 Qxb4 26. Bxb4 Rd7 27. g3 g6 28. Kg2 b6 29. a4 Rc8 30. Rc1 Rxc1 31. Rxc1 f5 32. Kf3 Kf7 33. Ke3 Ke8 34. Kd3 Rd8 35. Re1 Kd7 36. Kc4 a5 37. Ba3 Rc8+ 38. Kb5 Rc2 39. Kxb6 Rxf2 40. Kxa5 Rxh2 41. Rb1 Nd8 42. Rc1 Nc6+ 43. Kb6 Ra2 44. Rc3 Ra1 45. Rb3 Nd4 46. Re3 Rb1+ 47. Kc5 Nc6 48. a5 Rb8 49. a6 Ra8 50. Rb3 Rxa6 51. Rb7+ Ke6 52. Bb2 Ra7 53. Kxc6 Rxb7 54. Kxb7 Kxd6 55. Bc1 Ke5 56. Kc6 Ke4 57. Kc5 h5 58. Bb2 f4 59. gxf4 h4 60. Bd4 h3 61. Bg1 Kf3 62. Bh2 Kg2 63. f5 gxf5 64. Bd6 h2 65. Bxh2 Kxh2 66. Kd4 f4 0-1

[Event "Quebec op"]
[Site "Montreal CAN"]
[Date "1998.07.25"]
[Round "1"]
[White "Regnier, Alain"]
[Black "Drolet, Stephane"]
[Result "1-0"]
[WhiteElo "1977"]
[BlackElo "1848"]
[PlyCount "55"]
[GameId "2160767911872430"]
[EventDate "1998.07.25"]
[EventType "swiss"]
[EventRounds "9"]
[EventCountry "CAN"]
[SourceTitle "EXT 2022"]
[Source "ChessBase"]
[SourceDate "2021.10.06"]
[SourceVersion "1"]
[SourceVersionDate "2021.10.06"]
[SourceQuality "1"]

1. e4 e6 2. d4 d5 3. Nc3 Bb4 4. e5 Ne7 5. Qg4 O-O 6. Bd3 f5 7. exf6 Rxf6 8. Bg5 Rf7 9. Qh5 g6 10. Qe2 Qf8 11. Nf3 Nbc6 12. Ne5 Nxe5 13. dxe5 Nf5 14. h4 Be7 15. O-O-O Bd7 16. Qd2 Bxg5 17. hxg5 Qb4 18. Rh3 Qd4 19. f4 Ng7 20. Ne2 Qa4 21. Kb1 Nf5 22. Rdh1 Ne7 23. g4 Raf8 24. Nc3 Qb4 25. Qh2 Qxf4 26. Rxh7 Qf1+ 27. Bxf1 Rxf1+ 28. Nd1 1-0

[Event "Quebec op"]
[Site "Montreal CAN"]
[Date "1998.07.25"]
[Round "1"]
[White "Rosen, Matthew"]
[Black "Desjardins, Andre"]
[Result "1-0"]
[WhiteElo "1872"]
[BlackElo "2004"]
[PlyCount "82"]
[GameId "2160767911872431"]
[EventDate "1998.07.25"]
[EventType "swiss"]
[EventRounds "9"]
[EventCountry "CAN"]
[SourceTitle "EXT 2022"]
[Source "ChessBase"]
[SourceDate "2021.10.06"]
[SourceVersion "1"]
[SourceVersionDate "2021.10.06"]
[SourceQuality "1"]

1. e4 c5 2. Nf3 Nc6 3. d4 cxd4 4. Nxd4 Nf6 5. Nc3 e5 6. Ndb5 d6 7. Bg5 a6 8. Bxf6 gxf6 9. Na3 f5 10. exf5 Bxf5 11. Nc4 Be6 12. Ne3 Bg7 13. Ncd5 O-O 14. c3 f5 15. Qh5 f4 16. Bd3 Rf7 17. Qxh7+ Kf8 18. Bf5 Qe8 19. Bg6 fxe3 20. Nxe3 Ne7 21. Bxf7 Qxf7 22. O-O Ng6 23. g3 Ke7 24. Qh5 Rh8 25. Qe2 Bf8 26. Rad1 Qh7 27. f4 exf4 28. Nd5+ Kd8 29. Nxf4 Bf5 30. c4 Bg4 31. Qf2 Bxd1 32. Ne6+ Kc8 33. Rxd1 Be7 34. c5 dxc5 35. Nxc5 Bxc5 36. Qxc5+ Kb8 37. h4 Qe7 38. Qf2 Rf8 39. Qg2 Qc5+ 40. Kh1 Rf2 41. Qg1 Qc6+ 1-0

[Event "Quebec op"]
[Site "Montreal CAN"]
[Date "1998.07.25"]
[Round "1"]
[White "Seguin, Rene"]
[Black "Stewart, Ron"]
[Result "1-0"]
[WhiteElo "1938"]
[BlackElo "1772"]
[PlyCount "55"]
[GameId "2160767911872432"]
[EventDate "1998.07.25"]
[EventType "swiss"]
[EventRounds "9"]
[EventCountry "CAN"]
[SourceTitle "EXT 2022"]
[Source "ChessBase"]
[SourceDate "2021.10.06"]
[SourceVersion "1"]
[SourceVersionDate "2021.10.06"]
[SourceQuality "1"]

1. e4 c6 2. d4 d5 3. Nc3 dxe4 4. Nxe4 Nd7 5. Ng5 Ngf6 6. Bc4 e6 7. Qe2 Nb6 8. Bd3 h6 9. N5f3 c5 10. dxc5 Bxc5 11. Ne5 Nbd7 12. Ngf3 Qc7 13. O-O a6 14. Bd2 b6 15. Rfe1 Nxe5 16. Nxe5 O-O 17. Qf3 Bb7 18. Qg3 Rfd8 19. Bxh6 Bf8 20. Bg5 Qe7 21. Qh4 Rxd3 22. cxd3 Qb4 23. Bxf6 gxf6 24. Qxf6 Bg7 25. Qxf7+ Kh7 26. Qxb7 Rf8 27. Qe4+ Kh6 28. Qxb4 1-0

[Event "Quebec op"]
[Site "Montreal CAN"]
[Date "1998.07.25"]
[Round "1"]
[White "Soudre, Nicolas"]
[Black "Dumesnil, Etienne"]
[Result "1-0"]
[WhiteElo "2016"]
[BlackElo "1874"]
[PlyCount "140"]
[GameId "2160767911872433"]
[EventDate "1998.07.25"]
[EventType "swiss"]
[EventRounds "9"]
[EventCountry "CAN"]
[SourceTitle "EXT 2022"]
[Source "ChessBase"]
[SourceDate "2021.10.06"]
[SourceVersion "1"]
[SourceVersionDate "2021.10.06"]
[SourceQuality "1"]

1. e4 c5 2. f4 e6 3. Nf3 Nc6 4. Nc3 a6 5. d4 cxd4 6. Nxd4 Bc5 7. Nb3 Ba7 8. Bd3 b5 9. Qf3 Bb7 10. Be3 Qc7 11. Bxa7 Rxa7 12. Qg3 g6 13. O-O Nge7 14. e5 Nb4 15. Be4 Ned5 16. Nxd5 Nxd5 17. Qf2 Ra8 18. Nc5 Bc6 19. Kh1 Qb6 20. c3 Rc8 21. Bxd5 Bxd5 22. Nxd7 Qxf2 23. Nf6+ Ke7 24. Nxd5+ exd5 25. Rxf2 Ke6 26. Rd1 Rc4 27. g3 h5 28. Rfd2 Rd8 29. Rd4 Rd7 30. Kg2 a5 31. Kf3 a4 32. a3 Rd8 33. R1d2 Rd7 34. Ke3 Rd8 35. h3 Rc5 36. Kf3 Rh8 37. Rh2 Rh7 38. Rdd2 Rc4 39. g4 Rh8 40. Rd4 Rc5 41. Kg3 Rh7 42. Rf2 Rh8 43. Rd3 Rc4 44. Re3 Rg8 45. f5+ gxf5 46. Rxf5 hxg4 47. Rf6+ Ke7 48. h4 Re4 49. Rxe4 dxe4 50. Rf4 e3 51. Re4 Ke6 52. Rxe3 Kf5 53. Re2 Rg7 54. Re1 Ke6 55. Re4 Kf5 56. Rf4+ Kxe5 57. Rxg4 Rxg4+ 58. Kxg4 Ke4 59. Kg5 f5 60. h5 f4 61. h6 f3 62. h7 f2 63. h8=Q f1=Q 64. Qd4+ Kf3 65. Qf6+ Ke2 66. Qxf1+ Kxf1 67. Kf4 Ke2 68. Ke4 Kd2 69. Kd4 Kc2 70. c4 b4 1-0